000 00853nam a2200217 a 4500
003 0
005 20250301095029.0
008 100902s19uu xx 00 eng d
050 _aPGS BF 723.S43.S6
_b.T833 2010
100 _aTrinidad, Amiel Mer O.
245 _aSibling relationship and social behavior of lower school students /
_cAmiel Mer O. Trinidad.
260 _aLas PiƱas City, Philippines :
_bSouthville International School and Colleges,
_c2010.
300 _a26 pages :
_billustrations ;
_c28 cm.
504 _aIncludes bibliographical references.
650 _aSibling relationships in children.
650 _aSocial behavior in children.
650 _aFamily influence on child development.
650 _aPeer relationships in childhood.
650 _aInterpersonal relations in elementary school students.
942 _2lcc
_cPASS
999 _c98328
_d98328